000 00676nam a2200277Ia 4500
001 AUWbook002269
003 BDCtgAUW
005 20260406155150.0
008 220908s9999 xx 000 0 eng d
020 _a9993364738
040 _aBDCtgAUW
_cBDCtgAUW
050 _aHQ1735.9.R39
100 1 _aRayamajhi, Sangita.
245 0 _aCan a woman rebel?.
250 _aFirst edition.
260 _aKathmandu :
_bAcross Publication,
_c2003.
300 _axii, 198 pages.
650 0 _aSocial conditions.
650 0 _aSocial Sciences.
650 0 _aWomen.
651 0 _aNepal.
_979522
887 _a BRAC
_22982
888 _22982
942 _cBK
_02
_2lcc
945 _cBK
999 _c17876
_d17876